Die Stellung des Rechtsanwalts und der Rechtsanwaltschaft in Japan
| Autor principal: | |
|---|---|
| Tipo de documento: | Print Libro |
| Lenguaje: | Alemán |
| Publicado: |
Münster
Lit
1996
|
| En: |
Münsteraner Studien zur Rechtsvergleichung (15)
Año: 1996 |
| Disponibilidad en Tübingen: | Disponible en Tübingen. UB: 36 A 12295 |
| Verificar disponibilidad: | HBZ Gateway |
| Servicio de pedido Subito: | Pedir ahora. |
| Palabras clave: |
MARC
| LEADER | 00000cam a2200000 c 4500 | ||
|---|---|---|---|
| 001 | 214162095 | ||
| 003 | DE-627 | ||
| 005 | 20260206200330.0 | ||
| 007 | tu | ||
| 008 | 960816s1996 gw ||||| m 00| ||ger c | ||
| 015 | |a 96,A35,0517 |2 dnb | ||
| 016 | 7 | |a 947347526 |2 DE-101 | |
| 020 | |a 3825828212 |c : EUR 30,90 (kart.) |9 3-8258-2821-2 | ||
| 035 | |a (DE-627)214162095 | ||
| 035 | |a (DE-603)052040763 | ||
| 035 | |a (DE-576)053726421 | ||
| 035 | |a (DE-599)GBV214162095 | ||
| 035 | |a (OCoLC)845246780 | ||
| 035 | |a (OCoLC)246527862 | ||
| 035 | |a (OCoLC)40502061 | ||
| 035 | |a (DE-604)8108651886 | ||
| 040 | |a DE-627 |b ger |c DE-627 |e rakwb | ||
| 041 | |a ger | ||
| 044 | |c XA-DE |c XB-JP | ||
| 084 | |a 19 |2 sdnb | ||
| 084 | |a PU 8550 |2 rvk |0 (DE-625)rvk/140719: | ||
| 084 | |a PC 6000 |2 rvk |0 (DE-625)rvk/135107: | ||
| 100 | 1 | |8 1\p |a Kaffsack, Annette |d 1964- |0 (DE-588)172993857 |0 (DE-627)697919420 |0 (DE-576)133847136 |4 aut | |
| 109 | |a Kaffsack, Annette 1964- | ||
| 245 | 1 | 4 | |a Die Stellung des Rechtsanwalts und der Rechtsanwaltschaft in Japan |c von Annette Kaffsack |
| 264 | 1 | |a Münster |b Lit |c 1996 | |
| 300 | |a XLVIII, 288 S |b Tab |c 21 cm | ||
| 336 | |a Text |b txt |2 rdacontent | ||
| 337 | |a ohne Hilfsmittel zu benutzen |b n |2 rdamedia | ||
| 338 | |a Band |b nc |2 rdacarrier | ||
| 490 | 1 | |a Münsteraner Studien zur Rechtsvergleichung |v 15 | |
| 502 | |a Zugl.: Münster (Westfalen), Univ., Diss. : 1995 | ||
| 583 | 1 | |a Archivierung/Langzeitarchivierung gewährleistet |f SSG |x XA-DE-BW |2 pdager |5 DE-21 | |
| 583 | 1 | |a Archivierung prüfen |c 20240324 |f DE-4165 |z 2 |2 pdager | |
| 655 | 7 | |a Hochschulschrift |0 (DE-588)4113937-9 |0 (DE-627)105825778 |0 (DE-576)209480580 |2 gnd-content | |
| 689 | 0 | 0 | |d g |0 (DE-588)4028495-5 |0 (DE-627)104585102 |0 (DE-576)208977503 |a Japan |2 gnd |
| 689 | 0 | 1 | |d s |0 (DE-588)4048755-6 |0 (DE-627)106189654 |0 (DE-576)209079134 |a Rechtsanwalt |2 gnd |
| 689 | 0 | |5 DE-101 | |
| 751 | |a Münster (Westf) |0 (DE-588)4040608-8 |0 (DE-627)818071567 |0 (DE-576)209041323 |4 uvp | ||
| 830 | 0 | |a Münsteraner Studien zur Rechtsvergleichung |v 15 |9 15 |w (DE-627)249466449 |w (DE-576)039657221 |w (DE-600)1445792-1 |7 am | |
| 883 | |8 1\p |a cgwrk |d 20241001 |q DE-101 |u https://d-nb.info/provenance/plan#cgwrk | ||
| 889 | |w (DE-627)27810181X | ||
| 935 | |a mkri | ||
| 935 | |i Blocktest | ||
| 935 | |h HEB |i 0501 | ||
| 935 | |h HEB |i 0503 | ||
| 936 | r | v | |a PU 8550 |b Japan |k Rechtswissenschaft |k Ausländisches Privatrecht, Privatrechtsvergleichung und -vereinheitlichung |k Einzelne Länder |k Asien |k Ostasien |k Japan |0 (DE-627)1271449757 |0 (DE-625)rvk/140719: |0 (DE-576)201449757 |
| 936 | r | v | |a PC 6000 |b Allgemeines, auch Juristenbedarf |k Rechtswissenschaft |k Allgemeines zum juristischen Studium und zur Rechtswissenschaft |k Der Jurist |k Allgemeines, auch Juristenbedarf |0 (DE-627)1271142449 |0 (DE-625)rvk/135107: |0 (DE-576)201142449 |
| 936 | s | n | |a p100 |2 mzub |
| 951 | |a BO | ||
| ELC | |b 1 | ||
| LOK | |0 000 xxxxxcx a22 zn 4500 | ||
| LOK | |0 001 3137465370 | ||
| LOK | |0 003 DE-627 | ||
| LOK | |0 004 214162095 | ||
| LOK | |0 005 20020612000000 | ||
| LOK | |0 008 961107||||||||||||||||ger||||||| | ||
| LOK | |0 040 |a DE-21 |c DE-627 |d DE-21 | ||
| LOK | |0 852 |a DE-21 | ||
| LOK | |0 852 1 |c 36 A 12295 |9 00 | ||
| LOK | |0 938 |l 33 |8 2 | ||
| LOK | |0 939 |a 07-11-96 |b l01 | ||
| LOK | |0 000 xxxxxcx a22 zn 4500 | ||
| LOK | |0 001 3137465591 | ||
| LOK | |0 003 DE-627 | ||
| LOK | |0 004 214162095 | ||
| LOK | |0 005 19961121000000 | ||
| LOK | |0 008 960815||||||||||||||||ger||||||| | ||
| LOK | |0 040 |a DE-Frei85 |c DE-627 |d DE-Frei85 | ||
| LOK | |0 852 |a DE-Frei85 | ||
| LOK | |0 852 1 |m p |9 00 | ||
| LOK | |0 938 |k p | ||
| LOK | |0 939 |a 15-08-96 |b l01 | ||
| ORI | |a SA-MARC-krimdoka001.raw | ||
| SIG | |a UB: 36 A 12295 | ||
